Ministry Of Roads And Highways Design Build Agreement For Design And Construction Of Peduase-Mamfe-Koforidua Scenic Route (Record no. 4714)

MARC details
000 -LEADER
fixed length control field 00547nam a22001577a 4500
003 - CONTROL NUMBER IDENTIFIER
control field OSt
005 - DATE AND TIME OF LATEST TRANSACTION
control field 20241111140236.0
008 - FIXED-LENGTH DATA ELEMENTS--GENERAL INFORMATION
fixed length control field 241111b |||||||| |||| 00| 0 eng d
041 ## - LANGUAGE CODE
Language code of text/sound track or separate title English
082 ## - DEWEY DECIMAL CLASSIFICATION NUMBER
Classification number PM/GHA/21 Acc. No. 10,249
110 ## - MAIN ENTRY--CORPORATE NAME
Corporate name or jurisdiction name as entry element Ministry Of Roads And Highways
245 ## - TITLE STATEMENT
Title Ministry Of Roads And Highways Design Build Agreement For Design And Construction Of Peduase-Mamfe-Koforidua Scenic Route
300 ## - PHYSICAL DESCRIPTION
Extent 123p. 7Tabs; 1Map
650 ## - SUBJECT ADDED ENTRY--TOPICAL TERM
Source of heading or term Design And Construction Of Peduase-Mamfe-Koforidua Scenic Route
942 ## - ADDED ENTRY ELEMENTS (KOHA)
Source of classification or shelving scheme Dewey Decimal Classification
Koha item type Reports
Suppress in OPAC No
Holdings
Withdrawn status Lost status Source of classification or shelving scheme Damaged status Not for loan Home library Current library Shelving location Date acquired Total checkouts Full call number Date last seen Copy number Price effective from Koha item type
    Dewey Decimal Classification     Main Library Main Library Open Shelves 11/11/2024   PM/GHA/21 Acc. No. 10,249 C1 11/11/2024 1 11/11/2024 Reports
    Dewey Decimal Classification     Main Library Main Library Open Shelves 11/11/2024   PM/GHA/21 Acc. No. 10,250 C2 11/11/2024 2 11/11/2024 Reports
    Dewey Decimal Classification     Main Library Main Library Open Shelves 11/11/2024   PM/GHA/21 Acc. No. 10,251 C3 11/11/2024 3 11/11/2024 Reports
©2026  Parliament of Ghana Library - All rights reserved